[Event "San Jose Dual Schev"]
[Site "San Jose"]
[Date "2024.08.04"]
[Round "4.5"]
[White "Bansal, Advay"]
[Black "Figueredo Losada, Leonel"]
[Result "1/2-1/2"]
[WhiteElo "2234"]
[BlackElo "2321"]
[PlyCount "70"]
[EventDate "2024.08.02"]
[EventType "schev"]
[EventRounds "5"]
[EventCountry "USA"]
[SourceTitle "CBM 221 Extra"]
[Source "ChessBase"]
[SourceDate "2024.09.30"]
[SourceVersion "1"]
[SourceVersionDate "2024.09.30"]
[SourceQuality "1"]

1. e4 e5 2. Nf3 Nc6 3. Bc4 d6 4. a4 Nf6 5. d3 Be7 6. Nc3 0-0 7. 0-0 a5 8. Re1 Bg4 9. h3 Bh5 10. Nd5 Nxd5 11. Bxd5 Bxf3 12. Qxf3 Bg5 13. c3 Bxc1 14. Raxc1 Ne7 15. Bb3 Ng6 16. g3 c6 17. Rc2 Kh8 18. h4 Ne7 19. Qg4 Ng8 20. Rd2 Nf6 21. Qf3 Qe7 22. d4 exd4 23. Rxd4 d5 24. Bc2 dxe4 25. Bxe4 Rae8 26. Re3 Qc7 27. Rd2 Re7 28. Bd3 Rxe3 29. Qxe3 Re8 30. Qf3 h5 31. Bc4 Re4 32. Bb3 Qe7 33. Kg2 g6 34. Bc2 Re5 35. Bd3 Kg7 1/2-1/2

[Event "San Francisco 1000 GM Memorial Day"]
[Site "San Francisco"]
[Date "2024.05.26"]
[Round "6"]
[White "Tang, Zoey"]
[Black "Bansal, Advay"]
[Result "0-1"]
[WhiteElo "2264"]
[BlackElo "2242"]
[PlyCount "86"]
[EventDate "2024.05.23"]
[EventType "swiss"]
[EventRounds "9"]
[EventCountry "USA"]
[SourceTitle "CBM 220 Extra"]
[Source "ChessBase"]
[SourceDate "2024.07.31"]
[SourceVersion "1"]
[SourceVersionDate "2024.07.31"]
[SourceQuality "1"]

1. d4 Nf6 2. c4 g6 3. Nc3 d5 4. Bf4 Bg7 5. e3 0-0 6. Rc1 c6 7. h3 a6 8. c5 Re8 9. Nf3 Nbd7 10. Be2 Nf8 11. 0-0 N6d7 12. b4 e5 13. dxe5 Nxe5 14. Nxe5 Bxe5 15. Bxe5 Rxe5 16. e4 d4 17. Qd2 Bxh3 18. f4 Re8 19. Na4 d3 20. Qxd3 Qxd3 21. Bxd3 Rad8 22. Bb1 Bg4 23. Nb6 Rd4 24. Nc4 Be2 25. Nd6 Bxf1 26. Nxe8 Bb5 27. a3 Ne6 28. f5 Nf4 29. Kf2 gxf5 30. Ke3 Ne2 31. Rh1 f4+ 32. Kf3 f5 33. exf5 Ng3 34. Re1 Bc4 35. Kg4 h6 36. Re7 Kf8 37. f6 Be2+ 38. Rxe2 Nxe2 39. Nd6 Nc3 40. Bg6 Nd5 41. Ne4 Rd1 42. Kf5 Rg1 43. Ke6 f3 0-1

[Event "San Francisco 1000 GM Memorial Day"]
[Site "San Francisco"]
[Date "2024.05.25"]
[Round "5"]
[White "Bansal, Advay"]
[Black "Wu, Sibo"]
[Result "1-0"]
[WhiteElo "2242"]
[BlackElo "2146"]
[PlyCount "80"]
[EventDate "2024.05.23"]
[EventType "swiss"]
[EventRounds "9"]
[EventCountry "USA"]
[SourceTitle "CBM 220 Extra"]
[Source "ChessBase"]
[SourceDate "2024.07.31"]
[SourceVersion "1"]
[SourceVersionDate "2024.07.31"]
[SourceQuality "1"]

1. e4 c5 2. Nf3 Nc6 3. d4 cxd4 4. Nxd4 Nf6 5. Nc3 e5 6. Ndb5 d6 7. Nd5 Nxd5 8. exd5 Nb8 9. a4 Be7 10. Be2 0-0 11. Bd2 a6 12. Na3 a5 13. Bb5 f5 14. Nc4 f4 15. Qe2 Nd7 16. 0-0-0 Nc5 17. Bc3 Bf6 18. f3 Bf5 19. g4 Bg6 20. h4 e4 21. Bxf6 Qxf6 22. g5 Qd8 23. Rd4 e3 24. Qh2 Bh5 25. Rxf4 Bxf3 26. Re1 Bxd5 27. Nxe3 Be6 28. Rd4 Rc8 29. Kb1 Qc7 30. Qxd6 Qxd6 31. Rxd6 Rf4 32. Rxe6 Nxe6 33. Nd5 Rd8 34. c4 Rxh4 35. Rxe6 Rg4 36. Re5 Rf8 37. c5 Rf2 38. Ne3 Rb4 39. Nc4 Rf4 40. Re8+ Kf7 1-0

[Event "Santa Clara Presidents Day IM"]
[Site "Santa Clara"]
[Date "2024.02.16"]
[Round "1"]
[White "Bansal, Advay"]
[Black "Yim, Sung Ho"]
[Result "0-1"]
[WhiteElo "2253"]
[BlackElo "2243"]
[PlyCount "66"]
[EventDate "2024.02.13"]
[EventType "tourn"]
[EventRounds "9"]
[EventCountry "USA"]
[SourceTitle "CBM 218 Extra"]
[Source "ChessBase"]
[SourceDate "2024.03.31"]
[SourceVersion "1"]
[SourceVersionDate "2024.03.31"]
[SourceQuality "1"]

1. e4 e5 2. Nf3 Nc6 3. Bc4 Nf6 4. d3 h6 5. 0-0 d6 6. a4 g6 7. Nc3 Bg7 8. h3 0-0 9. Be3 Na5 10. Ba2 c5 11. Nd5 Nxd5 12. Bxd5 Nc6 13. c3 Ne7 14. Ba2 b6 15. d4 Bb7 16. Bb1 exd4 17. cxd4 f5 18. Qb3+ Kh7 19. dxc5 fxe4 20. cxd6 exf3 21. dxe7 Qxe7 22. g3 Qd7 23. g4 Rad8 24. a5 Qe7 25. Qc2 Rd6 26. Rd1 Rc8 27. Qb3 Qh4 28. Bd3 Rxd3 29. Qxd3 Qxh3 30. Qf1 Qxg4+ 31. Kh1 Qh4+ 32. Kg1 Qg4+ 33. Kh1 Be5 0-1

[Event "Sunnyvale 1000 GM MLK IM"]
[Site "Sunnyvale"]
[Date "2024.01.21"]
[Round "8"]
[White "Figueredo Losada, Leonel"]
[Black "Bansal, Advay"]
[Result "1-0"]
[WhiteElo "2381"]
[BlackElo "2253"]
[PlyCount "95"]
[EventDate "2024.01.13"]
[EventType "tourn"]
[EventRounds "9"]
[EventCountry "USA"]
[EventCategory "2"]
[SourceTitle "CBM 218 Extra"]
[Source "ChessBase"]
[SourceDate "2024.03.31"]
[SourceVersion "1"]
[SourceVersionDate "2024.03.31"]
[SourceQuality "1"]

1. e4 c5 2. Nf3 d6 3. d4 cxd4 4. Nxd4 Nf6 5. Nc3 a6 6. Bg5 e6 7. Qd3 Be7 8. f4 Qc7 9. 0-0-0 Nbd7 10. Be2 b5 11. Bf3 Bb7 12. Bxf6 Nxf6 13. e5 dxe5 14. Ndxb5 axb5 15. Qxb5+ Kf8 16. Qxb7 Qxb7 17. Bxb7 Rb8 18. fxe5 Rxb7 19. exf6 Bxf6 20. Rd3 Ke7 21. Re1 Bg5+ 22. Kb1 Rc8 23. a4 f5 24. Nb5 Bf6 25. b3 Rc6 26. c4 g6 27. Kc2 e5 28. Rd5 h5 29. c5 e4 30. b4 Ke6 31. Rdd1 Ke7 32. Kb3 Be5 33. Kc4 Bxh2 34. Nd4 Rc8 35. b5 Ra7 36. Kb4 Rd7 37. Nc6+ Ke6 38. a5 Bg3 39. Rh1 Rxd1 40. Rxd1 e3 41. Nd4+ Kf6 42. Ne2 Be5 43. b6 h4 44. b7 Re8 45. a6 Bb8 46. c6 h3 47. a7 Bxa7 48. c7 1-0

[Event "Sunnyvale 1000 GM MLK IM"]
[Site "Sunnyvale"]
[Date "2024.01.19"]
[Round "5"]
[White "Bansal, Advay"]
[Black "Arenas Vanegas, David"]
[Result "1/2-1/2"]
[WhiteElo "2253"]
[BlackElo "2406"]
[PlyCount "98"]
[EventDate "2024.01.13"]
[EventType "tourn"]
[EventRounds "9"]
[EventCountry "USA"]
[EventCategory "2"]
[SourceTitle "CBM 218 Extra"]
[Source "ChessBase"]
[SourceDate "2024.03.31"]
[SourceVersion "1"]
[SourceVersionDate "2024.03.31"]
[SourceQuality "1"]

1. e4 e5 2. Nf3 Nc6 3. Bc4 Bc5 4. 0-0 Nf6 5. d3 d6 6. c3 a5 7. Re1 Ba7 8. Nbd2 0-0 9. h3 Ne7 10. Bb3 Ng6 11. d4 exd4 12. cxd4 d5 13. e5 Nh5 14. Nf1 Nhf4 15. Bxf4 Nxf4 16. Qd2 Ne6 17. Qxa5 c5 18. Qxd8 Rxd8 19. dxc5 Nxc5 20. Bc2 d4 21. Rad1 d3 22. Ne3 Bxh3 23. gxh3 dxc2 24. Rxd8+ Rxd8 25. Rc1 g6 26. Rxc2 h5 27. b4 Ne6 28. Kf1 Kf8 29. h4 Rd3 30. Ne1 Rd8 31. a4 Ke7 32. a5 Bb8 33. Nc4 Nd4 34. Rd2 Ba7 35. f4 Rc8 36. Nd6 Rc1 37. Nxb7 Nf3 38. Re2 Bd4 39. a6 Rb1 40. Nc5 Bxc5 41. bxc5 Ra1 42. c6 Nxh4 43. c7 Kd7 44. Rc2 Kc8 45. Rc6 Nf3 46. a7 Nxe1 47. a8Q+ Rxa8 48. Kxe1 Ra7 49. e6 fxe6 1/2-1/2

[Event "Sunnyvale 1000 GM MLK IM"]
[Site "Sunnyvale"]
[Date "2024.01.14"]
[Round "4"]
[White "Delgado Ramirez, Neuris"]
[Black "Bansal, Advay"]
[Result "1-0"]
[WhiteElo "2517"]
[BlackElo "2253"]
[PlyCount "85"]
[EventDate "2024.01.13"]
[EventType "tourn"]
[EventRounds "9"]
[EventCountry "USA"]
[EventCategory "2"]
[SourceTitle "CBM 218 Extra"]
[Source "ChessBase"]
[SourceDate "2024.03.31"]
[SourceVersion "1"]
[SourceVersionDate "2024.03.31"]
[SourceQuality "1"]

1. e4 c5 2. Nf3 d6 3. Bb5+ Bd7 4. Bxd7+ Nxd7 5. 0-0 Ngf6 6. Qe2 e6 7. c3 Be7 8. d4 0-0 9. e5 Ne8 10. Rd1 cxd4 11. exd6 Nxd6 12. Rxd4 Nf5 13. Rd1 Qc7 14. Nbd2 Rfd8 15. Nb3 Nf6 16. Nfd4 Nxd4 17. Nxd4 Bc5 18. Bg5 Bxd4 19. cxd4 Rd5 20. Bxf6 gxf6 21. Qg4+ Rg5 22. Qh4 Qc6 23. d5 exd5 24. f4 Rg6 25. Rac1 Qa4 26. Qf2 Qxa2 27. Qd4 Qa6 28. f5 Rg5 29. h4 Rg7 30. Re1 h5 31. Rc7 Rg4 32. Qf2 d4 33. Ree7 Rd8 34. Qe1 Qd6 35. Red7 Qf8 36. Rxf7 Qxf7 37. Rxf7 Kxf7 38. Qe6+ Kf8 39. Qxf6+ Ke8 40. Qe5+ Kf8 41. f6 Rd7 42. Qc5+ Kf7 43. Qxh5+ 1-0

[Event "Sunnyvale 1000 GM MLK IM"]
[Site "Sunnyvale"]
[Date "2024.01.13"]
[Round "1"]
[White "Guo, Andrew"]
[Black "Bansal, Advay"]
[Result "1/2-1/2"]
[WhiteElo "2255"]
[BlackElo "2253"]
[PlyCount "48"]
[EventDate "2024.01.13"]
[EventType "tourn"]
[EventRounds "9"]
[EventCountry "USA"]
[EventCategory "2"]
[SourceTitle "CBM 218 Extra"]
[Source "ChessBase"]
[SourceDate "2024.03.31"]
[SourceVersion "1"]
[SourceVersionDate "2024.03.31"]
[SourceQuality "1"]

1. d4 Nf6 2. c4 g6 3. Nf3 Bg7 4. g3 0-0 5. Bg2 d5 6. 0-0 dxc4 7. Na3 c5 8. Nxc4 Be6 9. Nfe5 Qc8 10. dxc5 Nfd7 11. c6 Nxc6 12. Nxc6 bxc6 13. Na5 Bd5 14. Bxd5 cxd5 15. Qxd5 Nf6 16. Qf3 Qe6 17. Nb3 Ne4 18. Rb1 Rfd8 19. Be3 a5 20. Rfd1 f5 21. Nc5 Nxc5 22. Bxc5 Rxd1+ 23. Rxd1 Rc8 24. Ba3 Rc2 1/2-1/2

[Event "Sunnyvale 1000 IM Winter 12"]
[Site "Sunnyvale"]
[Date "2023.12.30"]
[Round "9"]
[White "Bansal, Advay"]
[Black "Hajnal, Zoltan"]
[Result "0-1"]
[WhiteElo "2253"]
[BlackElo "2382"]
[PlyCount "60"]
[EventDate "2023.12.26"]
[EventType "schev"]
[EventRounds "9"]
[EventCountry "USA"]
[SourceTitle "CBM 217 Extra"]
[Source "ChessBase"]
[SourceDate "2024.01.31"]
[SourceVersion "1"]
[SourceVersionDate "2024.01.31"]
[SourceQuality "1"]

1. e4 e5 2. Nf3 Nc6 3. Bc4 Bc5 4. 0-0 Nf6 5. d3 0-0 6. h3 a6 7. a4 h6 8. Re1 d6 9. c3 Ba7 10. Nbd2 Nh5 11. Nf1 Qf6 12. Be3 Nf4 13. d4 Ne7 14. N1h2 Neg6 15. Ng4 Qe7 16. Bxf4 Bxg4 17. hxg4 Nxf4 18. g3 Ne6 19. Kg2 Qf6 20. dxe5 dxe5 21. Qe2 g6 22. Rh1 Kg7 23. Rh2 Ng5 24. Nd2 Rad8 25. Nf1 Rd7 26. Bd5 c6 27. Bb3 Rfd8 28. Bc2 a5 29. Re1 Bc5 30. f3 Rd2 0-1

[Event "Sunnyvale 1000 IM Winter 12"]
[Site "Sunnyvale"]
[Date "2023.12.29"]
[Round "7"]
[White "Bansal, Advay"]
[Black "Stopa, Jacek"]
[Result "1/2-1/2"]
[WhiteElo "2253"]
[BlackElo "2350"]
[PlyCount "88"]
[EventDate "2023.12.26"]
[EventType "schev"]
[EventRounds "9"]
[EventCountry "USA"]
[SourceTitle "CBM 217 Extra"]
[Source "ChessBase"]
[SourceDate "2024.01.31"]
[SourceVersion "1"]
[SourceVersionDate "2024.01.31"]
[SourceQuality "1"]

1. e4 e6 2. d4 d5 3. Nc3 Bb4 4. e5 c5 5. a3 Bxc3+ 6. bxc3 Ne7 7. Qg4 Qc7 8. Qxg7 Rg8 9. Qxh7 cxd4 10. Qd3 Qxe5+ 11. Ne2 dxc3 12. Qxc3 Nbc6 13. Qxe5 Nxe5 14. Ng3 f5 15. Bb2 N7c6 16. Nh5 Kf7 17. h4 Bd7 18. 0-0-0 Rac8 19. Kb1 Ng4 20. Rd2 Na5 21. Nf4 Ba4 22. Be2 Nc4 23. Bxc4 Rxc4 24. Nd3 Rgc8 25. Rc1 Kg8 26. Re2 d4 27. Nf4 e5 28. Nd5 Kf7 29. f3 Nf6 30. Nxf6 Kxf6 31. g4 fxg4 32. fxg4 e4 33. Rg2 Kg6 34. g5 Rh8 35. Rh1 e3 36. h5+ Rxh5 37. Rxh5 Kxh5 38. g6 e2 39. Rxe2 Kxg6 40. Rd2 Kf5 41. Bxd4 Bxc2+ 42. Rxc2 Rxd4 43. Rc7 Ra4 44. Rxb7 Rxa3 1/2-1/2

[Event "Sunnyvale 1000 IM Winter 12"]
[Site "Sunnyvale"]
[Date "2023.12.29"]
[Round "6"]
[White "Rodi, Luis Ernesto"]
[Black "Bansal, Advay"]
[Result "1-0"]
[WhiteElo "2196"]
[BlackElo "2253"]
[PlyCount "113"]
[EventDate "2023.12.26"]
[EventType "schev"]
[EventRounds "9"]
[EventCountry "USA"]
[SourceTitle "CBM 217 Extra"]
[Source "ChessBase"]
[SourceDate "2024.01.31"]
[SourceVersion "1"]
[SourceVersionDate "2024.01.31"]
[SourceQuality "1"]

1. d4 Nf6 2. c4 g6 3. Nc3 d5 4. cxd5 Nxd5 5. Bd2 Bg7 6. e4 Nxc3 7. Bxc3 0-0 8. Qd2 c5 9. d5 e6 10. Ne2 exd5 11. exd5 Re8 12. Bxg7 Kxg7 13. h4 h5 14. 0-0-0 Na6 15. Nc3 Qa5 16. Be2 Nb4 17. g4 Nxa2+ 18. Nxa2 Qxa2 19. Qc3+ Kg8 20. Bc4 Qa4 21. gxh5 b5 22. Bd3 Qf4+ 23. Kb1 c4 24. Bc2 b4 25. Qxb4 Rb8 26. Qc3 Bf5 27. Rhe1 Rxe1 28. Rxe1 Qxf2 29. Bxf5 Qxf5+ 30. Qc2 Qxh5 31. Qxc4 Rd8 32. Qd4 Qf5+ 33. Ka1 Kh7 34. Rd1 Rd6 35. Rd3 Qf1+ 36. Ka2 Qf5 37. Kb1 Qf1+ 38. Kc2 Qf5 39. Kc3 Qd7 40. Qe4 Qc7+ 41. Kd2 Qb6 42. Qd4 Qa5+ 43. Kc2 Qc7+ 44. Kb1 Qb6 45. Qxb6 axb6 46. Kc2 f5 47. Kc3 g5 48. hxg5 Kg6 49. Kd4 Kxg5 50. Ke5 Rd8 51. Rg3+ Kh5 52. d6 f4 53. Rf3 Kg5 54. Ke6 Kg4 55. Rf1 Re8+ 56. Kf7 Re2 57. Rd1 1-0

[Event "Sunnyvale 1000 GM Thanksgiving IM2"]
[Site "Sunnyvale"]
[Date "2023.11.24"]
[Round "5"]
[White "Bansal, Advay"]
[Black "Yim, Sung Ho"]
[Result "1/2-1/2"]
[WhiteElo "2269"]
[BlackElo "2265"]
[PlyCount "176"]
[EventDate "2023.11.22"]
[EventType "schev"]
[EventRounds "9"]
[EventCountry "USA"]
[SourceTitle "CBM 217 Extra"]
[Source "ChessBase"]
[SourceDate "2024.01.31"]
[SourceVersion "1"]
[SourceVersionDate "2024.01.31"]
[SourceQuality "1"]

1. e4 e5 2. Nf3 Nc6 3. Bc4 Bc5 4. 0-0 Nf6 5. d3 d6 6. c3 a5 7. Re1 Ba7 8. Nbd2 0-0 9. h3 Be6 10. Bb5 Ne7 11. d4 Ng6 12. Nf1 exd4 13. Nxd4 Bd7 14. a4 Re8 15. Ng3 d5 16. Bxd7 Qxd7 17. Nb5 Bb8 18. exd5 Rxe1+ 19. Qxe1 Nxd5 20. Ne4 c6 21. Nd4 Ba7 22. Qd1 Re8 23. Ng3 Qe7 24. Bd2 Bxd4 25. cxd4 Qc7 26. Qb3 Nf8 27. Rc1 Ne6 28. Ne2 Rd8 29. Rc2 Rd7 30. Rc1 Qd8 31. Rc2 h6 32. Rc1 Ne7 33. Be3 Nf5 34. Qc3 Nfxd4 35. Bxd4 Nxd4 36. Ng3 Ne6 37. Kh2 Rd3 38. Qe5 Rd5 39. Qe3 Qg5 40. Qxg5 hxg5 41. Rc2 Rd4 42. b3 g6 43. Rc3 f5 44. Nf1 f4 45. g3 Kf7 46. Kg2 Ke7 47. Kf3 Kd6 48. Ke2 Re4+ 49. Kf3 Rd4 50. Ke2 b5 51. axb5 cxb5 52. Nd2 Rd5 53. Nf3 Rf5 54. g4 Rf8 55. Rd3+ Kc5 56. Ne5 Re8 57. Kd1 Nc7 58. Nxg6 Nd5 59. h4 gxh4 60. Nxh4 Rg8 61. Nf5 Rxg4 62. Nd4 Rg6 63. Ne2 Rh6 64. Kd2 b4 65. Rf3 Rd6 66. Kc2 Rf6 67. Kd2 Kd6 68. Nc1 Ke5 69. Nd3+ Ke4 70. Rh3 Nc3 71. f3+ Kd4 72. Rh4 Nd5 73. Rg4 Rf7 74. Rh4 Rf8 75. Rg4 Rf5 76. Rh4 Rf6 77. Rg4 a4 78. bxa4 Kc4 79. a5 b3 80. Rh4 Kb5 81. Rh5 Kc4 82. Re5 Rd6 83. Re4+ Kb5 84. Rd4 Nb6 85. Rxd6 Nc4+ 86. Kc3 Nxd6 87. Kxb3 Nf5 88. Kc3 Kxa5 1/2-1/2

[Event "Sunnyvale 1000 GM Thanksgiving IM2"]
[Site "Sunnyvale"]
[Date "2023.11.23"]
[Round "2"]
[White "Bansal, Advay"]
[Black "Srinath, Rao SV"]
[Result "1/2-1/2"]
[WhiteElo "2269"]
[BlackElo "2257"]
[PlyCount "92"]
[EventDate "2023.11.22"]
[EventType "schev"]
[EventRounds "9"]
[EventCountry "USA"]
[SourceTitle "CBM 217 Extra"]
[Source "ChessBase"]
[SourceDate "2024.01.31"]
[SourceVersion "1"]
[SourceVersionDate "2024.01.31"]
[SourceQuality "1"]

1. e4 e6 2. d4 d5 3. Nc3 Be7 4. e5 c5 5. dxc5 Nc6 6. Nf3 Bxc5 7. Bd3 Nge7 8. Bf4 a6 9. 0-0 Ng6 10. Bg3 0-0 11. h4 f5 12. exf6 Qxf6 13. Ng5 h6 14. Nge4 dxe4 15. Nxe4 Qxb2 16. Nxc5 Nge5 17. Be4 Rd8 18. Qh5 Bd7 19. Rab1 Qc3 20. Bxc6 Nxc6 21. Rxb7 Be8 22. Qg4 Qd4 23. Qxe6+ Kh8 24. Qf5 Qd5 25. Qg4 Qd4 26. Qf5 Qd5 27. Qf8+ Qg8 28. Qf4 Rd5 29. Ne4 Nd4 30. Re1 Rf5 31. Qd2 Bc6 32. Rb4 Nb5 33. c4 Rd8 34. Qb2 Na7 35. Nd6 Rf6 36. Re7 Nc8 37. Rc7 Nxd6 38. Rxc6 a5 39. Ra4 Qe8 40. Rxd6 Rfxd6 41. Bxd6 Qxa4 42. c5 Re8 43. Be5 Kg8 44. f4 Qd1+ 45. Kh2 Qg4 46. Qf2 Rc8 1/2-1/2

[Event "Sunnyvale 1000 GM Thanksgiving IM2"]
[Site "Sunnyvale"]
[Date "2023.11.22"]
[Round "1"]
[White "Fernandez Hernandez, Arturo Augusto"]
[Black "Bansal, Advay"]
[Result "1-0"]
[WhiteElo "2307"]
[BlackElo "2269"]
[PlyCount "105"]
[EventDate "2023.11.22"]
[EventType "schev"]
[EventRounds "9"]
[EventCountry "USA"]
[SourceTitle "CBM 217 Extra"]
[Source "ChessBase"]
[SourceDate "2024.01.31"]
[SourceVersion "1"]
[SourceVersionDate "2024.01.31"]
[SourceQuality "1"]

1. e4 c5 2. Nc3 d6 3. d4 cxd4 4. Qxd4 Nc6 5. Qd2 g6 6. b3 Bh6 7. f4 Nf6 8. Bb2 e5 9. Nge2 exf4 10. 0-0-0 0-0 11. Nxf4 Bg4 12. Re1 Ne5 13. Kb1 Nh5 14. Ncd5 Nxf4 15. Nxf4 Qf6 16. g3 Bg7 17. Nd5 Qd8 18. Qd4 Be6 19. Bc4 f6 20. Rhf1 Nxc4 21. Qxc4 Rf7 22. Qd3 Bxd5 23. exd5 Qd7 24. Qe2 f5 25. Bxg7 Kxg7 26. Rf3 Raf8 27. Re3 f4 28. gxf4 Qf5 29. Re4 Qxd5 30. Rd1 Qc5 31. Rc4 Qb6 32. Rcd4 Rxf4 33. Rxd6 Qc5 34. Qe7+ Kh8 35. Qxb7 Rf1 36. Rd7 Rxd1+ 37. Rxd1 a5 38. a4 Qe5 39. h3 Qc3 40. Qe7 Rc8 41. Rd8+ Rxd8 42. Qxd8+ Kg7 43. Qd3 Qe1+ 44. Kb2 Qe5+ 45. Ka2 g5 46. Qb5 Kf6 47. Qd7 h5 48. Qh7 Qe2 49. Qh6+ Kf5 50. Qf8+ Ke4 51. Qe8+ Kf3 52. Qxh5+ Kf2 53. Qxe2+ 1-0

[Event "Sunnyvale Silicon Valley Fall op"]
[Site "Sunnyvale"]
[Date "2023.09.04"]
[Round "9"]
[White "Zaloznyy, Mike"]
[Black "Bansal, Advay"]
[Result "0-1"]
[WhiteElo "2174"]
[BlackElo "2255"]
[PlyCount "110"]
[EventDate "2023.08.31"]
[EventType "swiss"]
[EventRounds "7"]
[EventCountry "USA"]
[SourceTitle "EXT 2024"]
[Source "ChessBase"]
[SourceDate "2023.10.10"]
[SourceVersion "1"]
[SourceVersionDate "2023.10.10"]
[SourceQuality "1"]

1. e4 c5 2. Nf3 d6 3. d4 cxd4 4. Nxd4 Nf6 5. f3 e5 6. Nb3 d5 7. Bg5 d4 8. c3 Nc6 9. Bc4 h6 10. Bh4 Be7 11. Bf2 dxc3 12. Qxd8+ Nxd8 13. Nxc3 a6 14. Bg3 Bd6 15. 0-0-0 Ke7 16. Rd2 Be6 17. Bxe6 fxe6 18. Rhd1 Nf7 19. Na5 Rab8 20. Nc4 Bc7 21. Bf2 Rhd8 22. Bc5+ Ke8 23. a4 Rxd2 24. Rxd2 b6 25. Bb4 Rd8 26. Rc2 Kd7 27. Nd1 Rb8 28. Nf2 b5 29. axb5 axb5 30. Na3 Ne8 31. Nd3 Bd6 32. Bxd6 Kxd6 33. Rc5 Nc7 34. b4 g5 35. g4 Rb6 36. Kb2 Rb8 37. Rc2 Nh8 38. Rd2 Rf8 39. Nb1 Nf7 40. Nf4+ Kc6 41. Rc2+ Kd6 42. Rxc7 exf4 43. Rc5 Ne5 44. Rc3 Nc4+ 45. Kb3 Ra8 46. Rd3+ Kc6 47. Rc3 Kd6 48. Rd3+ Ke7 49. Rd1 Ra1 50. h3 Kf6 51. Nc3 Ra3+ 52. Kc2 Ne3+ 53. Kb2 Nxd1+ 54. Kxa3 Nxc3 55. Kb3 Ne2 0-1

[Event "Sunnyvale Silicon Valley Fall op"]
[Site "Sunnyvale"]
[Date "2023.09.03"]
[Round "6"]
[White "Burke, John M"]
[Black "Bansal, Advay"]
[Result "1-0"]
[WhiteElo "2604"]
[BlackElo "2255"]
[PlyCount "85"]
[EventDate "2023.08.31"]
[EventType "swiss"]
[EventRounds "7"]
[EventCountry "USA"]
[SourceTitle "CBM 216 Extra"]
[Source "ChessBase"]
[SourceDate "2023.11.30"]
[SourceVersion "1"]
[SourceVersionDate "2023.11.30"]
[SourceQuality "1"]

1. e4 c5 2. Nf3 d6 3. d4 cxd4 4. Nxd4 Nf6 5. Nc3 a6 6. Bd3 e5 7. Nde2 Be7 8. 0-0 0-0 9. Ng3 Be6 10. Nd5 Bxd5 11. exd5 g6 12. c4 Nbd7 13. Kh1 Nc5 14. f4 exf4 15. Bxf4 a5 16. Bc2 Re8 17. Qf3 Ncd7 18. Ba4 Kg7 19. Qc3 Kg8 20. Rae1 Bf8 21. Bg5 Rxe1 22. Rxe1 h6 23. Bf4 Rc8 24. Bxd7 Nxd7 25. Ne4 Qb6 26. Qh3 f5 27. Bxh6 Re8 28. Bxf8 Qb4 29. Qg3 Kxf8 30. a3 Qxe1+ 31. Qxe1 fxe4 32. Qe3 Nf6 33. g4 Kg7 34. h3 a4 35. Kg2 Nd7 36. Kf2 Nc5 37. Ke2 Re5 38. h4 Kh7 39. Qf4 Kg7 40. g5 Nd7 41. Ke3 Kg8 42. h5 gxh5 43. g6 1-0

[Event "Pan American-ch U18 33rd"]
[Site "Chicago"]
[Date "2023.08.14"]
[Round "4"]
[White "Casares Contreras, Jose Gabriel"]
[Black "Bansal, Advay"]
[Result "0-1"]
[WhiteElo "1975"]
[BlackElo "2279"]
[PlyCount "82"]
[EventDate "2023.08.12"]
[EventType "swiss"]
[EventRounds "9"]
[EventCountry "USA"]
[SourceTitle "EXT 2024"]
[Source "ChessBase"]
[SourceDate "2023.10.10"]
[SourceVersion "1"]
[SourceVersionDate "2023.10.10"]
[SourceQuality "1"]

1. e4 c5 2. Nf3 d6 3. d4 cxd4 4. Nxd4 Nf6 5. Nc3 a6 6. f3 e5 7. Nb3 Be7 8. Be3 Be6 9. Qd2 h5 10. Be2 Nbd7 11. Nd5 Bxd5 12. exd5 Qc7 13. Rc1 0-0 14. c4 a5 15. Na1 Nh7 16. Nc2 Qd8 17. Na3 Bg5 18. Nb5 Nc5 19. b3 f5 20. 0-0 Bxe3+ 21. Qxe3 h4 22. a3 h3 23. b4 f4 24. Qf2 Nb3 25. Rcd1 axb4 26. axb4 Ra2 27. Rb1 Nd2 28. Bd3 Ng5 29. Kh1 Nxf1 30. Qxa2 Ne3 31. gxh3 Nxf3 32. Qe2 Ng5 33. h4 Nh3 34. Qe1 g5 35. Nc3 g4 36. Ne4 Nf5 37. c5 dxc5 38. Nxc5 Qxd5+ 39. Be4 Qd4 40. Qe2 Nf2+ 41. Kg1 Nxe4+ 0-1

[Event "Sunnyvale Independence Day op"]
[Site "Sunnyvale"]
[Date "2023.07.04"]
[Round "8"]
[White "Bansal, Advay"]
[Black "Sevillano, Enrico"]
[Result "0-1"]
[WhiteElo "2320"]
[BlackElo "2357"]
[PlyCount "176"]
[EventDate "2023.06.30"]
[EventType "swiss"]
[EventRounds "9"]
[EventCountry "USA"]
[SourceTitle "EXT 2024"]
[Source "ChessBase"]
[SourceDate "2023.10.10"]
[SourceVersion "1"]
[SourceVersionDate "2023.10.10"]
[SourceQuality "1"]

1. e4 g6 2. d4 Bg7 3. Nc3 d6 4. Be3 c6 5. h3 b5 6. a3 a6 7. f4 Nd7 8. Nf3 Nb6 9. e5 d5 10. b3 h5 11. Bd3 Nh6 12. 0-0 Bf5 13. Qd2 e6 14. Bf2 Nd7 15. Nd1 Bf8 16. Bxf5 Nxf5 17. g4 hxg4 18. hxg4 Nh6 19. Ne3 Qc7 20. Kg2 c5 21. c3 Rc8 22. Rh1 Bg7 23. Bg3 Qc6 24. Rac1 Ng8 25. Rxh8 Bxh8 26. f5 gxf5 27. gxf5 Bg7 28. fxe6 Qxe6 29. b4 cxb4 30. cxb4 Nb6 31. Rxc8+ Qxc8 32. Qd3 Nh6 33. Qh7 Bf8 34. Bf4 Qe6 35. Ng5 Qg6 36. Qxg6 fxg6 37. e6 Nf5 38. Ng4 Be7 39. Nf3 Nc4 40. Bc1 Bd6 41. Nf6+ Ke7 42. Nxd5+ Kxe6 43. Nc3 Be7 44. Kf2 Bf6 45. d5+ Kf7 46. Ne4 Nb6 47. d6 Ke6 48. Bf4 Nd7 49. Nfd2 Bb2 50. Nb3 Nd4 51. Nbc5+ Kd5 52. Nxd7 Kxe4 53. Bh2 Nc6 54. Nc5+ Kd5 55. Nxa6 Bxa3 56. Nc7+ Kc4 57. d7 Bxb4 58. Ne6 Ba5 59. Bf4 b4 60. Bg5 b3 61. Bf6 Kd5 62. Nf4+ Ke4 63. Ne6 Kf5 64. Nd4+ Kxf6 65. Nxb3 Bb4 66. Kf3 Ne5+ 67. Ke4 Nxd7 68. Nd4 Bc3 69. Nf3 Ne5 70. Ng1 Nf7 71. Ne2 Be5 72. Kf3 Kf5 73. Kg2 g5 74. Nc1 Ke4 75. Ne2 g4 76. Nc1 Ng5 77. Ne2 Nf3 78. Kf2 Kd3 79. Nc1+ Kc2 80. Ne2 Kd2 81. Kf1 Ke3 82. Nc1 g3 83. Kg2 Nh4+ 84. Kg1 Kf3 85. Nb3 Bc3 86. Kf1 g2+ 87. Kg1 Kg3 88. Nd2 Bd4# 0-1

[Event "Sunnyvale Independence Day op"]
[Site "Sunnyvale"]
[Date "2023.06.30"]
[Round "1"]
[White "Bansal, Advay"]
[Black "Pinzon, Jairo David"]
[Result "1-0"]
[WhiteElo "2320"]
[BlackElo "2220"]
[PlyCount "111"]
[EventDate "2023.06.30"]
[EventType "swiss"]
[EventRounds "9"]
[EventCountry "USA"]
[SourceTitle "EXT 2024"]
[Source "ChessBase"]
[SourceDate "2023.10.10"]
[SourceVersion "1"]
[SourceVersionDate "2023.10.10"]
[SourceQuality "1"]

1. e4 c5 2. Nf3 d6 3. d4 cxd4 4. Nxd4 Nf6 5. Nc3 Nc6 6. Bg5 e6 7. Qd2 Be7 8. 0-0-0 Nxd4 9. Qxd4 a6 10. f4 b5 11. Bxf6 gxf6 12. Kb1 Qa5 13. e5 fxe5 14. fxe5 d5 15. Bd3 b4 16. Ne2 Qc5 17. Qf4 a5 18. Rhf1 Rf8 19. Bxh7 Ba6 20. Bd3 a4 21. Rf3 Rc8 22. Nd4 Bxd3 23. Rdxd3 a3 24. b3 Qb6 25. Qd2 Rh8 26. g3 Rh5 27. Qe2 Rh7 28. h4 Kd7 29. Rf4 Rg8 30. Rdf3 Rhg7 31. Qd3 Rg4 32. Ne2 Rxf4 33. Rxf4 Ke8 34. Nd4 Bc5 35. g4 Be7 36. g5 Qc5 37. Qa6 Qc3 38. Qc6+ Qxc6 39. Nxc6 Bxg5 40. hxg5 Rxg5 41. Kc1 Kd7 42. Nxb4 Rxe5 43. Rxf7+ Kd6 44. Nd3 Rg5 45. Kd2 e5 46. Rf6+ Ke7 47. Ra6 d4 48. Nc5 Rg2+ 49. Kd3 Rg3+ 50. Ke4 Re3+ 51. Kd5 Re2 52. Rxa3 Rxc2 53. Ra7+ Kf6 54. Nd7+ Kf5 55. Nxe5 Rd2 56. Rf7+ 1-0